000 00697cam a2200229u 4500
999 _c23763
_d23763
001 6994999
005 20170127095923.0
008 810317s1957 ja 000 0 eng
010 _a 56013414
040 _aDLC
_cCarP
_dDLC
043 _aa-ja---
050 0 0 _aN 7350
_b.M94
100 1 _aMunsterberg, Hugo,
_d1916-1995.
245 1 4 _aThe arts of Japan :
_ban illustrated history.
250 _a[1st ed.]
260 _aTokyo :
_aRutland, Vt.,
_bC.E. Tuttle Co.
_c[1957]
300 _axvii, 201p. :
_bill. ;
_c27 cm
650 0 _aArt
_zJapan.
906 _a0
_bcbc
_cpremunv
_du
_encip
_f19
_gy-gencatlg
942 _2lcc
_cBOOKS
_hN 7350 ,M94 1957